000 00835nam a2200277Ia 4500
003 OSt
005 20220925215032.0
006 a|||||r|||| 00| 0
007 ta
008 220923b |||||||| |||| 00| 0 eng d
037 _cGeneral Book
040 _aRTL
_cRTL
_beng
041 _2eng
_aeng
082 _aX9(K783):8.3.N7, L7
110 _aGreat Britain, Agriculture, Fisheries And Food (M/O-)
_9281828
245 0 _aAids to management sheep
250 _aEd 3rd
260 _aLondon
_bH M S O U K
_c1977
300 _a64p.
_ccm.
490 _aIts Farm As A Businese .3
500 _aAppendix p. 51-61
650 _aAnimal Husbandry Industry
700 _aGreat Britain, Agriculture, Fisheries And Food (M/O-)
_9281829
942 _hX9(K783):8.3.N7, L7
_cGB
_2CC
999 _c567640
_d567640